[Event "Play for Durgesh Fundraiser Blitz"]
[Site "Vishy Anand Arena"]
[Date "2020.09.19"]
[Round "9"]
[White "mightyqueen"]
[Black "Stormingrage_60"]
[Result "1-0"]
[WhiteElo "1722"]
[BlackElo "1605"]
[Annotator "NA"]
[PlyCount "141"]
[EventDate "2020.09.19"]
[EventType "swiss (blitz)"]

1. d4 e6 2. Bf4 Be7 3. e4 Nc6 4. Nf3 Bb4+ 5. c3 Be7 6. Bd3 d6 7. Nbd2 Bd7 8. O-O Nf6 9. e5 Nh5 10. Be3 d5 11. g4 Nf6 12. exf6 Bxf6 13. Bb5 a6 14. Bxc6 Bxc6 15. Ne5 Bb5 16. Re1 Qe7 17. a4 Bc6 18. Nxc6 bxc6 19. Bf4 Rc8 20. Qe2 O-O 21. Qxa6 Bg5 22. Bxg5 Qxg5 23. Qe2 Rb8 24. b4 Rb7 25. Nb3 Rfb8 26. Nc5 Ra7 27. h3 h5 28. Qe5 Qg6 29. Kh1 hxg4 30. hxg4 Qxg4 31. Qg3 Qh5+ 32. Kg2 Qf5 33. Re5 Qg6 34. Qxg6 fxg6 35. Rxe6 Kf7 36. Rxc6 Re8 37. Kf3 Re7 38. Ra6 Rxa6 39. Nxa6 Re6 40. Nc5 Rf6+ 41. Kg2 Ke7 42. a5 Kd6 43. a6 Rf8 44. a7 Ra8 45. Ra6+ Ke7 46. b5 Kd8 47. Na4 Kc8 48. b6 c6 49. Nc5 Kd8 50. b7 Rxa7 51. Rxa7 Ke7 52. Ra8 Kf6 53. b8=Q Kf5 54. Qf8+ Kg5 55. Qxg7 Kh5 56. f4 Kg4 57. Qxg6+ Kxf4 58. Rf8+ Ke3 59. Qg3+ Kd2 60. Qf2+ Kxc3 61. Rc8 Kc4 62. Rxc6 Kb5 63. Nd7 Kxc6 64. Qf6+ Kb5 65. Qg7 Kc4 66. Qg6 Kc3 67. Qg5 Kc4 68. Qf4 Kb4 69. Qe5 Kc4 70. Qf6 Kb3 71. Qc6 1-0

[Event "Play for Durgesh Fundraiser Blitz"]
[Site "Vishy Anand Arena"]
[Date "2020.09.19"]
[Round "9"]
[White "HarshPandit"]
[Black "Scorpion29"]
[Result "0-1"]
[WhiteElo "1721"]
[BlackElo "1767"]
[Annotator "NA"]
[PlyCount "152"]
[EventDate "2020.09.19"]
[EventType "swiss (blitz)"]

1. d4 Nf6 2. c4 g6 3. Nc3 d5 4. Nf3 Bg7 5. Bf4 O-O 6. e3 c5 7. Be2 Nc6 8. cxd5 Nxd5 9. Nxd5 Qxd5 10. dxc5 Qxc5 11. Rb1 Qb4+ 12. Qd2 Bf5 13. Qxb4 Nxb4 14. Rc1 Rac8 15. O-O Nd3 16. Bxd3 Bxd3 17. Rxc8 Rxc8 18. Rd1 Bxb2 19. h3 Rc1 20. Rxc1 Bxc1 21. Nd4 b5 22. Bb8 a5 23. Nb3 Ba3 24. Nxa5 Bb1 25. Nb3 Bxa2 26. Nd4 b4 27. Nc2 e5 28. Bxe5 Kf8 29. Bd6+ Ke8 30. Nxa3 bxa3 31. Bxa3 Kd7 32. Kh2 Ke6 33. Kg3 f5 34. Kf4 Bd5 35. g4 fxg4 36. hxg4 Kf7 37. Kg5 Kg8 38. Kh6 Bf3 39. g5 Be2 40. Bb2 Bd3 41. f4 Bf5 42. Be5 Be4 43. Bf6 Bf5 44. Bg7 Bb1 45. Bf6 Bc2 46. Be5 Bb1 47. Bf6 Be4 48. Be5 Bd3 49. Bf6 Bc4 50. Be5 Ba6 51. Bf6 Bb7 52. Be5 Bf3 53. Bf6 Bh5 54. Be5 Bf3 55. Bf6 Bh1 56. Be5 Bg2 57. Bd4 Ba8 58. Be5 Bb7 59. Bf6 Bc6 60. Bg7 Ba8 61. Bf6 Bb7 62. Bg7 Be4 63. Bf8 Kxf8 64. Kxh7 Kf7 65. Kh6 Bf5 66. Kh7 Ke6 67. Kg7 Kd5 68. Kf6 Ke4 69. Kg7 Kxe3 70. Kf6 Kxf4 71. Kg7 Kxg5 72. Kf7 Kh5 73. Kf6 Kh4 74. Kg7 g5 75. Kf6 g4 76. Ke5 g3 0-1

[Event "Play for Durgesh Fundraiser Blitz"]
[Site "Vishy Anand Arena"]
[Date "2020.09.19"]
[Round "9"]
[White "aagam aditya e"]
[Black "fluffyfly"]
[Result "1-0"]
[WhiteElo "1715"]
[BlackElo "1621"]
[Annotator "NA"]
[PlyCount "51"]
[EventDate "2020.09.19"]
[EventType "swiss (blitz)"]

1. e4 c5 2. Nf3 d6 3. Bb5+ Bd7 4. Bxd7+ Nxd7 5. c4 Ngf6 6. Nc3 g6 7. O-O Bg7 8. d3 O-O 9. h3 a6 10. a4 Ne8 11. Nd5 Nc7 12. Kh1 Ne5 13. Nxe5 Bxe5 14. f4 Bg7 15. f5 e6 16. f6 Bh8 17. Ne7+ Qxe7 18. fxe7 Rfe8 19. Bg5 Bxb2 20. Rb1 Bd4 21. Rxb7 Rac8 22. Qf3 Na8 23. Qxf7+ Kh8 24. Qf8+ Rxf8 25. exf8=Q+ Rxf8 26. Rxf8# 1-0

[Event "Play for Durgesh Fundraiser Blitz"]
[Site "Vishy Anand Arena"]
[Date "2020.09.19"]
[Round "9"]
[White "Ragavesh"]
[Black "loss2win"]
[Result "1-0"]
[WhiteElo "1702"]
[BlackElo "1908"]
[PlyCount "59"]
[EventDate "2020.09.19"]
[EventType "swiss (blitz)"]

1. e4 c5 2. Nf3 g6 3. d4 cxd4 4. Nxd4 Nc6 5. Be3 Bg7 6. Nc3 Nf6 7. Bc4 O-O 8. Qd2 d6 9. f3 Bd7 10. O-O-O Ne5 11. Bb3 Qa5 12. g4 Rfc8 13. h4 b5 14. h5 Nc4 15. Bxc4 bxc4 16. hxg6 fxg6 17. Bh6 Bh8 18. g5 Ne8 19. Nd5 Qxd2+ 20. Rxd2 e6 21. Ne7+ Kf7 22. Nxc8 Rxc8 23. f4 c3 24. bxc3 Rxc3 25. f5 Bxd4 26. fxg6+ Kxg6 27. Rxd4 Bc6 28. Kd2 Ra3 29. Bf8 d5 30. Bxa3 1-0

[Event "Play for Durgesh Fundraiser Blitz"]
[Site "Vishy Anand Arena"]
[Date "2020.09.19"]
[Round "9"]
[White "Ritwik chess"]
[Black "namanjain2005"]
[Result "1-0"]
[WhiteElo "1699"]
[BlackElo "1628"]
[Annotator "NA"]
[PlyCount "59"]
[EventDate "2020.09.19"]
[EventType "swiss (blitz)"]

1. c4 Nf6 2. g3 g6 3. Bg2 d5 4. cxd5 Nxd5 5. Nc3 Nb6 6. d4 Bg7 7. e3 O-O 8. Nf3 c6 9. O-O N8d7 10. b3 e5 11. dxe5 Nxe5 12. Nxe5 Bxe5 13. Qc2 Qf6 14. Bb2 Rd8 15. Rad1 Bf5 16. e4 Bg4 17. f3 Be6 18. f4 Bd4+ 19. Kh1 Bg4 20. e5 Qe7 21. Rd2 Bf5 22. Qc1 Be3 23. Rxd8+ Rxd8 24. Qxe3 Qb4 25. Ne4 Nd5 26. Nf6+ Nxf6 27. exf6 Kf8 28. a3 Qb5 29. Qe7+ Kg8 30. Qxd8# 1-0

[Event "Play for Durgesh Fundraiser Blitz"]
[Site "Vishy Anand Arena"]
[Date "2020.09.19"]
[Round "9"]
[White "rahulyadav"]
[Black "Attacker_97"]
[Result "0-1"]
[WhiteElo "1690"]
[BlackElo "2004"]
[Annotator "NA"]
[PlyCount "84"]
[EventDate "2020.09.19"]
[EventType "swiss (blitz)"]

1. d4 Nf6 2. Bf4 g6 3. Nc3 d5 4. e3 Bg7 5. h4 h5 6. Nb5 Na6 7. Nf3 c6 8. Nc3 O-O 9. Bxa6 bxa6 10. Ne5 Qb6 11. Na4 Qa5+ 12. c3 c5 13. Nxc5 Ne4 14. Nxe4 dxe4 15. O-O Be6 16. a3 Rfd8 17. Rc1 Kh7 18. Nc6 Qb6 19. Nxd8 Rxd8 20. b4 Bc4 21. Re1 e6 22. Qd2 Rd7 23. Qb2 a5 24. Bg3 Bf6 25. f3 exf3 26. gxf3 a4 27. e4 e5 28. Bf2 exd4 29. e5 Be7 30. cxd4 Qe6 31. Qc2 Bd5 32. Qe2 Qh3 33. Rc3 Bf8 34. Qf1 Qf5 35. Qg2 Bh6 36. Qg3 Bf4 37. Qg2 Bd2 38. Rec1 Bxc1 39. Rc2 Bxf3 40. Qg3 Bd5 41. Rxc1 Qe4 42. Rb1 Qh1# 0-1

[Event "Play for Durgesh Fundraiser Blitz"]
[Site "Vishy Anand Arena"]
[Date "2020.09.19"]
[Round "9"]
[White "Aneesh009"]
[Black "VenkChess"]
[Result "0-1"]
[WhiteElo "1682"]
[BlackElo "1561"]
[Annotator "NA"]
[PlyCount "104"]
[EventDate "2020.09.19"]
[EventType "swiss (blitz)"]

1. e4 c6 2. Nf3 d5 3. exd5 cxd5 4. d4 Bg4 5. Nc3 Nf6 6. Be2 e6 7. h3 Bf5 8. Be3 Nc6 9. Qd2 Bd6 10. a3 O-O 11. Bf4 Bxf4 12. Qxf4 Rc8 13. g4 Bg6 14. Ne5 Nxe5 15. Qxe5 Qc7 16. Qe3 Ne4 17. O-O-O Nxc3 18. Qxc3 Qxc3 19. bxc3 Rxc3 20. Kb2 Rxc2+ 21. Kb3 Rxe2 22. h4 Bc2+ 23. Kc3 Bxd1 24. Rxd1 Rc8+ 25. Kd3 Rxf2 26. Ke3 Rcc2 27. Rb1 Rb2 28. Rc1 Rfc2 29. Rd1 h6 30. g5 hxg5 31. hxg5 b5 32. Kf4 a5 33. Ke5 b4 34. axb4 Rxb4 35. Ra1 Rb5 36. g6 fxg6 37. Kxe6 g5 38. Kf5 Rd2 39. Kxg5 Rxd4 40. Rc1 Rc4 41. Re1 Kf7 42. Rf1+ Ke7 43. Kg6 Rc6+ 44. Kxg7 d4 45. Rf7+ Ke6 46. Rf6+ Kd5 47. Rf5+ Kc4 48. Rf1 d3 49. Rf4+ Kc3 50. Rf1 Kc2 51. Rf2+ d2 52. Rxd2+ Kxd2 0-1

[Event "Play for Durgesh Fundraiser Blitz"]
[Site "Vishy Anand Arena"]
[Date "2020.09.19"]
[Round "9"]
[White "Tchitnis"]
[Black "Haldankardhruv"]
[Result "0-1"]
[WhiteElo "1670"]
[BlackElo "1750"]
[Annotator "NA"]
[PlyCount "90"]
[EventDate "2020.09.19"]
[EventType "swiss (blitz)"]

1. e4 c5 2. Nf3 a6 3. d4 cxd4 4. Nxd4 Nf6 5. Bd3 e5 6. Nf3 d5 7. Nxe5 dxe4 8. Be2 Qxd1+ 9. Bxd1 Bd6 10. Nc4 Bc7 11. Nc3 Nc6 12. Bg5 Bf5 13. Ne3 Bg6 14. Be2 O-O-O 15. O-O Be5 16. Rad1 h6 17. Bh4 Nd4 18. Bc4 Bh5 19. g4 Nf3+ 20. Kh1 Nxh4 21. gxh5 Bxc3 22. bxc3 Nxh5 23. Bxf7 Nf4 24. Nd5 Nxd5 25. Bxd5 Rhe8 26. c4 Nf3 27. Rb1 Nd2 28. Bxb7+ Kc7 29. Bxa6 Nxf1 30. Rxf1 Re5 31. a4 Rd2 32. Kg2 Rxc2 33. Kg3 Rf5 34. h4 e3 35. Kg4 Rfxf2 36. Rxf2 exf2 37. c5 Rc1 38. Kg3 f1=Q 39. Bxf1 Rxf1 40. Kg4 Ra1 41. Kf5 Rxa4 42. Kg6 Rxh4 43. Kxg7 Kc6 44. Kg6 Kxc5 45. Kf5 Rh1 0-1

[Event "Play for Durgesh Fundraiser Blitz"]
[Site "Vishy Anand Arena"]
[Date "2020.09.19"]
[Round "9"]
[White "Tknayak101"]
[Black "Sathvik_adiga11"]
[Result "0-1"]
[WhiteElo "1666"]
[BlackElo "1754"]
[Annotator "NA"]
[PlyCount "86"]
[EventDate "2020.09.19"]
[EventType "swiss (blitz)"]

1. e4 e5 2. Nc3 Nf6 3. Nf3 Nc6 4. Bc4 Bc5 5. O-O d6 6. h3 h6 7. a3 a6 8. d3 O-O 9. Qe2 Ba7 10. b4 b5 11. Bb3 Be6 12. Bxe6 fxe6 13. Rb1 Re8 14. Be3 d5 15. Bxa7 Rxa7 16. Rfe1 d4 17. Nd1 Rf8 18. Nh2 Ne7 19. f3 Ng6 20. Nf2 Nf4 21. Qd2 N6h5 22. Nfg4 Qd6 23. Qf2 Raa8 24. Qh4 Rae8 25. g3 g5 26. Nxh6+ Kh7 27. Qxg5 Nxh3+ 28. Kg2 Nxg5 29. N6g4 Qe7 30. Rh1 Kg8 31. Rbf1 Qg7 32. Rf2 Nf6 33. Nxe5 Nf7 34. Nxf7 Rxf7 35. f4 Qg6 36. Nf3 Rg7 37. Rh3 Ng4 38. Re2 Ne3+ 39. Kf2 Ng4+ 40. Ke1 Ne3 41. Nh4 Qg4 42. Reh2 Qd1+ 43. Kf2 Qf1# 0-1

[Event "Play for Durgesh Fundraiser Blitz"]
[Site "Vishy Anand Arena"]
[Date "2020.09.19"]
[Round "9"]
[White "Sragvidhanvi"]
[Black "AAKASH M H"]
[Result "0-1"]
[WhiteElo "1653"]
[BlackElo "1538"]
[Annotator "NA"]
[PlyCount "104"]
[EventDate "2020.09.19"]
[EventType "swiss (blitz)"]

1. d4 d5 2. Bf4 Bf5 3. e3 e6 4. c4 dxc4 5. Bxc4 Nf6 6. Nc3 c6 7. Nf3 Nbd7 8. Qb3 b5 9. Be2 a5 10. Qd1 Bb4 11. Bd3 Bxd3 12. Qxd3 Nd5 13. Bg3 N7f6 14. a3 Bxc3+ 15. bxc3 O-O 16. O-O g6 17. c4 bxc4 18. Qxc4 Rc8 19. Rfc1 Qb6 20. Rab1 Qd8 21. Ne5 Nb6 22. Qc5 Na4 23. Qc2 Nb6 24. Qb2 Nfd5 25. Nxc6 Qd7 26. Nxa5 Na4 27. Qb3 Rxc1+ 28. Rxc1 Nf6 29. Rc7 Qe8 30. Nc6 Qa8 31. Ne7+ Kg7 32. Rc4 Re8 33. Rxa4 Qd8 34. Nc6 Qc8 35. Rc4 Ne4 36. Be5+ f6 37. Bg3 Nd2 38. Qc3 Nxc4 39. Qxc4 Qb7 40. Nb4 Rc8 41. Qf1 Qa7 42. Qa1 Rb8 43. Qb2 Rc8 44. h3 Kh6 45. h4 e5 46. dxe5 fxe5 47. Bxe5 Kh5 48. g3 Qb7 49. Bf4 Rc1+ 50. Qxc1 Qf3 51. Qc5+ Kg4 52. Qg5+ Kh3 0-1

[Event "Play for Durgesh Fundraiser Blitz"]
[Site "Vishy Anand Arena"]
[Date "2020.09.19"]
[Round "9"]
[White "Dicedeepak"]
[Black "RuchirNSB"]
[Result "0-1"]
[WhiteElo "1646"]
[BlackElo "1287"]
[Annotator "NA"]
[PlyCount "106"]
[EventDate "2020.09.19"]
[EventType "swiss (blitz)"]

1. e4 e5 2. Nf3 Nc6 3. Bb5 a6 4. Ba4 Nf6 5. Nc3 b5 6. Bb3 Bc5 7. O-O O-O 8. Nd5 Nxe4 9. d3 Nf6 10. Bg5 Be7 11. Re1 Nxd5 12. Bxd5 Bxg5 13. Nxe5 Bb7 14. Qf3 Nxe5 15. Rxe5 Bxd5 16. Qxd5 Bf6 17. Re3 Bxb2 18. Rae1 Qf6 19. Qxd7 Ba3 20. Qxc7 Rac8 21. Qg3 Rxc2 22. Rf3 Qc3 23. h3 Qxe1+ 24. Kh2 Rc1 25. Qxg7+ Kxg7 26. Kg3 Bd6+ 27. Kg4 f5+ 28. Kh4 Be7+ 29. Kg3 Qe5+ 30. Rf4 Qxf4+ 31. Kxf4 Ra1 32. Kf3 Rxa2 33. Ke3 a5 34. Kf3 a4 35. Ke3 a3 36. Kf3 Ra1 37. Ke3 a2 38. Kf3 Rb1 39. Kg3 a1=Q 40. Kf3 Qd4 41. Kg3 Qxd3+ 42. Kh2 Bd6+ 43. g3 Qe2 44. Kg2 Qf1+ 45. Kf3 Qxf2+ 46. Kxf2 b4 47. Kf3 b3 48. Kf2 b2 49. Kf3 Rc1 50. Kf2 b1=Q 51. Kf3 Qb3+ 52. Kf2 Rc2+ 53. Ke1 Qb1# 0-1

[Event "Play for Durgesh Fundraiser Blitz"]
[Site "Vishy Anand Arena"]
[Date "2020.09.19"]
[Round "9"]
[White "Arjunkhandelwal"]
[Black "AmoghB"]
[Result "1-0"]
[WhiteElo "1636"]
[BlackElo "1441"]
[Annotator "NA"]
[PlyCount "85"]
[EventDate "2020.09.19"]
[EventType "swiss (blitz)"]

1. e4 e6 2. d3 d5 3. Nd2 Nf6 4. Ngf3 dxe4 5. dxe4 Nc6 6. Bb5 Bd7 7. e5 Nxe5 8. Nxe5 Bxb5 9. c4 Bd6 10. Nxf7 Kxf7 11. cxb5 Bb4 12. a3 Ba5 13. b4 Bb6 14. Bb2 Qd5 15. O-O Qxb5 16. Qb3 Qd5 17. Qc3 Rad8 18. Rad1 Bd4 19. Qxc7+ Rd7 20. Qc2 Bxb2 21. Qxb2 Rc8 22. h3 Qf5 23. Nf3 Rxd1 24. Rxd1 Qc2 25. Qd4 Qc6 26. Ne5+ Ke7 27. Nxc6+ Rxc6 28. Qd8+ Kf7 29. b5 Rb6 30. a4 Ra6 31. Qc7+ Kg6 32. bxa6 bxa6 33. Qxa7 a5 34. Qxa5 Nd5 35. Rxd5 exd5 36. Qxd5 h5 37. a5 h4 38. Qd3+ Kf6 39. Qd4+ Kg6 40. Qg4+ Kf6 41. a6 Kf7 42. Qh5+ g6 43. Qxg6+ 1-0

[Event "Play for Durgesh Fundraiser Blitz"]
[Site "Vishy Anand Arena"]
[Date "2020.09.19"]
[Round "9"]
[White "Amalraj001"]
[Black "Uddipanroy"]
[Result "1-0"]
[WhiteElo "1633"]
[BlackElo "1744"]
[Annotator "NA"]
[PlyCount "113"]
[EventDate "2020.09.19"]
[EventType "swiss (blitz)"]

1. e4 c5 2. c3 d5 3. exd5 Qxd5 4. d4 Nf6 5. Nf3 Bg4 6. Be2 e6 7. O-O Nc6 8. c4 Qd7 9. Nc3 Bxf3 10. Bxf3 Nxd4 11. Be3 Be7 12. b4 Nxf3+ 13. Qxf3 cxb4 14. Rfd1 Qc6 15. Qxc6+ bxc6 16. Na4 O-O 17. c5 Nd5 18. Bd4 Rab8 19. Rab1 Rb6 20. cxb6 axb6 21. Nxb6 c5 22. Nxd5 exd5 23. Be5 d4 24. Rbc1 Ra8 25. Rc2 f6 26. Bf4 h5 27. h4 Ra3 28. g3 Kf7 29. Kg2 g5 30. hxg5 fxg5 31. Bc7 Rc3 32. Rcd2 h4 33. gxh4 gxh4 34. Bb6 Bg5 35. Re2 h3+ 36. Kh1 d3 37. Re5 Be7 38. Bxc5 Bxc5 39. Rd5 Bxf2 40. R1xd3 Rc2 41. Rd2 Rc1+ 42. Kh2 Be3 43. Re2 Bg5 44. Kxh3 Rc3+ 45. Kg2 Bf6 46. Rf5 Kg6 47. Rf3 Rxf3 48. Kxf3 Kf5 49. Ke3 Ke5 50. Kd3+ Kd5 51. Rf2 Bd4 52. Rf5+ Be5 53. Rh5 Kd6 54. Kc4 Bc3 55. Rh6+ Kc7 56. Rh3 Kb7 57. Rg3 1-0

[Event "Play for Durgesh Fundraiser Blitz"]
[Site "Vishy Anand Arena"]
[Date "2020.09.19"]
[Round "9"]
[White "Adit pushan"]
[Black "Srivishva"]
[Result "1-0"]
[WhiteElo "1632"]
[BlackElo "1652"]
[Annotator "NA"]
[PlyCount "67"]
[EventDate "2020.09.19"]
[EventType "swiss (blitz)"]

1. e4 e5 2. Nf3 d6 3. d4 exd4 4. Nxd4 Nc6 5. Nf3 Nf6 6. Nc3 Be7 7. Bb5 Bd7 8. O-O O-O 9. Re1 a6 10. Bd3 Ne5 11. a3 Nxf3+ 12. Qxf3 Bc6 13. Qe2 Re8 14. h3 Qd7 15. Qf1 Bf8 16. f4 d5 17. e5 Bc5+ 18. Kh1 Ne4 19. Nxe4 dxe4 20. Bxe4 Bxe4 21. Rxe4 Qc6 22. Re2 Rad8 23. Bd2 Rd7 24. Bc3 Red8 25. f5 Be7 26. f6 gxf6 27. exf6 Bc5 28. Qf5 Rd1+ 29. Rxd1 Rxd1+ 30. Kh2 Bd6+ 31. Be5 Bxe5+ 32. Qxe5 Qd6 33. Qxd6 cxd6 34. Re8# 1-0

[Event "Play for Durgesh Fundraiser Blitz"]
[Site "Vishy Anand Arena"]
[Date "2020.09.19"]
[Round "9"]
[White "amurali"]
[Black "Apply11"]
[Result "0-1"]
[WhiteElo "1629"]
[BlackElo "1842"]
[Annotator "NA"]
[PlyCount "80"]
[EventDate "2020.09.19"]
[EventType "swiss (blitz)"]

1. e4 c5 2. Nc3 e6 3. g3 Nc6 4. Bg2 g6 5. Nge2 Bg7 6. O-O Nge7 7. f4 d5 8. f5 exf5 9. exd5 Nd4 10. Nxd4 cxd4 11. Nb5 Nxd5 12. Bxd5 O-O 13. d3 Qxd5 14. Nc7 Qd7 15. Nxa8 b6 16. Bf4 Bb7 17. Nc7 Qc6 18. Kf2 g5 19. Bxg5 Qxc7 20. Qh5 Qc6 21. Rg1 Qxc2+ 22. Qe2 Qc6 23. Rac1 Qd5 24. b3 Bc6 25. Rc2 Re8 26. Qd1 Re3 27. Re2 Qf3+ 28. Ke1 Rxd3 29. Qc2 Rc3 30. Qd2 Be4 31. Rf1 Qg4 32. Bf4 a5 33. h3 Qxh3 34. Rh2 Qg4 35. Rh4 Qg6 36. Ke2 d3+ 37. Ke1 Rc2 38. Qe3 Bc3+ 39. Kd1 Bb2 40. Qxb6 Qxb6 0-1

[Event "Play for Durgesh Fundraiser Blitz"]
[Site "Vishy Anand Arena"]
[Date "2020.09.19"]
[Round "9"]
[White "Niru_g"]
[Black "Sml_hari"]
[Result "1-0"]
[WhiteElo "1627"]
[BlackElo "1579"]
[Annotator "NA"]
[PlyCount "101"]
[EventDate "2020.09.19"]
[EventType "swiss (blitz)"]

1. d4 Nf6 2. Bf4 d5 3. e3 c6 4. Nd2 Bf5 5. Ngf3 h6 6. c3 e6 7. h3 Bd6 8. Bxd6 Qxd6 9. Be2 Nbd7 10. O-O e5 11. dxe5 Nxe5 12. Nxe5 Qxe5 13. Nf3 Qd6 14. Bd3 Bxd3 15. Qxd3 O-O 16. Nd4 Rfe8 17. Rfe1 Re4 18. f3 Re5 19. e4 Rae8 20. Re2 dxe4 21. fxe4 c5 22. Rae1 cxd4 23. cxd4 R5e7 24. e5 Qb4 25. exf6 Qxe1+ 26. Rxe1 Rxe1+ 27. Kh2 gxf6 28. Qg3+ Kh7 29. Qc7 R8e7 30. Qc2+ Kg7 31. d5 R1e5 32. d6 R7e6 33. d7 Rd6 34. Qc7 Red5 35. Qxb7 Rxd7 36. Qb3 Rd2 37. Qg3+ Kh7 38. Qc3 Kg7 39. Qg3+ Kf8 40. Qc3 Ke7 41. Qc5+ R2d6 42. Qe3+ Kd8 43. Qxh6 Kc7 44. Qc1+ Kd8 45. Qc3 Ke7 46. Qe3+ Re6 47. Qc3 Kf8 48. Qb4+ Kg7 49. Qg4+ Kf8 50. b4 Rd2 51. Qh4 1-0

[Event "Play for Durgesh Fundraiser Blitz"]
[Site "Vishy Anand Arena"]
[Date "2020.09.19"]
[Round "9"]
[White "Architsaigal"]
[Black "Sushruthareddy"]
[Result "0-1"]
[WhiteElo "1624"]
[BlackElo "1633"]
[Annotator "NA"]
[PlyCount "94"]
[EventDate "2020.09.19"]
[EventType "swiss (blitz)"]

1. e4 e5 2. Nf3 Nc6 3. Bb5 a6 4. Ba4 b5 5. Bb3 Nf6 6. O-O Bc5 7. Nxe5 Nxe5 8. d4 Bxd4 9. Qxd4 d6 10. Bg5 O-O 11. Nc3 Nc6 12. Qd2 h6 13. Bh4 Be6 14. Nd5 Bxd5 15. Bxd5 Qd7 16. Bxf6 gxf6 17. Qxh6 Rae8 18. Qxf6 Ne5 19. Rfe1 c6 20. Bb3 Ng6 21. Rad1 d5 22. exd5 Rxe1+ 23. Rxe1 cxd5 24. Rd1 Re8 25. h4 Qg4 26. Rd4 Re1+ 27. Kh2 Qh5 28. Qg5 Qxg5 29. hxg5 Re2 30. Rxd5 Rxf2 31. Kg3 Re2 32. Rd8+ Kg7 33. Rd7 Re3+ 34. Kf2 Re5 35. Rxf7+ Kh8 36. Rf6 Rxg5 37. Rxa6 Ne5 38. Ra8+ Kg7 39. Ra7+ Kh6 40. Rb7 Kh5 41. Kg1 Ng4 42. g3 Rf5 43. Bf7+ Kh6 44. Bb3 Rf2 45. Be6 Rf6 46. Rb6 Ne5 47. Rd6 Nf3+ 0-1

[Event "Play for Durgesh Fundraiser Blitz"]
[Site "Vishy Anand Arena"]
[Date "2020.09.19"]
[Round "9"]
[White "VRK"]
[Black "Kaustuv Kundu"]
[Result "0-1"]
[WhiteElo "1611"]
[BlackElo "2167"]
[Annotator "NA"]
[PlyCount "52"]
[EventDate "2020.09.19"]
[EventType "swiss (blitz)"]

1. e4 c5 2. Nf3 d6 3. d4 cxd4 4. Nxd4 Nf6 5. Nc3 g6 6. Be3 Bg7 7. f3 O-O 8. Qd2 Nc6 9. O-O-O d5 10. Qe1 e5 11. Nxc6 bxc6 12. exd5 Nxd5 13. Bc4 Be6 14. Bc5 Qg5+ 15. Kb1 Rfd8 16. Ne4 Qxg2 17. Rg1 Qxf3 18. Qh4 Rab8 19. Rdf1 Qxe4 20. Rg4 Nc3+ 21. Kc1 Bxg4 22. Bxf7+ Kh8 23. bxc3 Bf5 24. Qg3 Bh6+ 25. Be3 Bxe3+ 26. Qxe3 Qxe3# 0-1

[Event "Play for Durgesh Fundraiser Blitz"]
[Site "Vishy Anand Arena"]
[Date "2020.09.19"]
[Round "9"]
[White "SidharthS"]
[Black "Arunava"]
[Result "0-1"]
[WhiteElo "1610"]
[BlackElo "1762"]
[Annotator "NA"]
[PlyCount "84"]
[EventDate "2020.09.19"]
[EventType "swiss (blitz)"]

1. e4 c5 2. Nf3 e6 3. d4 cxd4 4. Nxd4 a6 5. Nc3 Qc7 6. Bd3 Nf6 7. O-O b5 8. Bg5 Bb7 9. Qe2 d6 10. Rad1 Nbd7 11. Kh1 Be7 12. f4 h6 13. Bh4 Rc8 14. Rde1 Nxe4 15. Bxe7 Nxc3 16. bxc3 Kxe7 17. Nxe6 fxe6 18. Qxe6+ Kf8 19. Qe7+ Kg8 20. Qe6+ Kf8 21. Qf5+ Nf6 22. Re6 Qc6 23. Rxf6+ gxf6 24. Qxf6+ Kg8 25. Rg1 d5 26. Qe5 Re8 27. Qf5 Qe6 28. Qh5 Kg7 29. f5 Qf6 30. Qg4+ Qg5 31. Qd4+ Qf6 32. Qg4+ Kf7 33. Qh5+ Ke7 34. Re1+ Kd8 35. Rg1 d4 36. Qd1 Rhg8 37. cxd4 Qc6 38. Qd2 Re7 39. d5 Qxd5 40. Qd1 Reg7 41. Qd2 Rxg2 42. Be2 Rxg1# 0-1

[Event "Play for Durgesh Fundraiser Blitz"]
[Site "Vishy Anand Arena"]
[Date "2020.09.19"]
[Round "9"]
[White "Harshinianand"]
[Black "RRaman"]
[Result "0-1"]
[WhiteElo "1609"]
[BlackElo "1826"]
[Annotator "NA"]
[PlyCount "58"]
[EventDate "2020.09.19"]
[EventType "swiss (blitz)"]

1. e4 e6 2. d4 d6 3. Nc3 a6 4. Be3 b6 5. f4 Qh4+ 6. g3 Qd8 7. Nf3 h5 8. Qd2 h4 9. g4 h3 10. f5 Nf6 11. O-O-O Nxg4 12. fxe6 Bxe6 13. d5 Bc8 14. Bg5 Be7 15. Be2 Nd7 16. Rdf1 Nde5 17. Nxe5 Bxg5 18. Nxf7 Bxd2+ 19. Kxd2 Qh4 20. Nxh8 Qxh8 21. Rf4 Qh6 22. Rhf1 Bd7 23. Ke1 Nf6 24. e5 dxe5 25. R4f2 Qc1+ 26. Nd1 O-O-O 27. Bxa6+ Kb8 28. Rd2 Ne4 29. Re2 Bg4 0-1

[Event "Play for Durgesh Fundraiser Blitz"]
[Site "Vishy Anand Arena"]
[Date "2020.09.19"]
[Round "9"]
[White "Vivaan_r_2204"]
[Black "Nihelesh"]
[Result "0-1"]
[WhiteElo "1609"]
[BlackElo "1837"]
[Annotator "NA"]
[PlyCount "90"]
[EventDate "2020.09.19"]
[EventType "swiss (blitz)"]

1. e4 e6 2. Bc4 d5 3. Bb3 dxe4 4. f3 exf3 5. Nxf3 Nf6 6. h3 c5 7. a3 Bd6 8. d3 O-O 9. Be3 Nc6 10. Nc3 Bg3+ 11. Bf2 Bxf2+ 12. Kxf2 Nd4 13. Nxd4 cxd4 14. Nb5 a6 15. Nxd4 Qxd4+ 16. Kf1 e5 17. Qf3 Qxb2 18. Re1 Re8 19. Re4 Qa1+ 20. Kf2 Qxh1 21. Rh4 Be6 22. Bxe6 Rxe6 23. Qf5 Rc8 24. Rb4 Rxc2+ 25. Kg3 Qe1+ 26. Kh2 Qf2 27. Qxf2 Rxf2 28. Rxb7 g6 29. Rb8+ Kg7 30. Rb3 Rd6 31. Kg1 Rd2 32. d4 R2xd4 33. Rg3 Rd3 34. Rxd3 Rxd3 35. Kf2 Rxa3 36. Ke2 Rb3 37. Kd2 a5 38. Kc2 a4 39. Kc1 a3 40. Kc2 Rb8 41. Kc3 a2 42. Kc4 a1=Q 43. Kc5 Rd8 44. Kc6 Qc1+ 45. Kb6 Rb8+ 0-1

[Event "Play for Durgesh Fundraiser Blitz"]
[Site "Vishy Anand Arena"]
[Date "2020.09.19"]
[Round "9"]
[White "Tustintin"]
[Black "Aarav810"]
[Result "1-0"]
[WhiteElo "1602"]
[BlackElo "1552"]
[Annotator "NA"]
[PlyCount "89"]
[EventDate "2020.09.19"]
[EventType "swiss (blitz)"]

1. d4 e5 2. c4 Nf6 3. d5 Bc5 4. e3 c6 5. b3 cxd5 6. cxd5 Bb4+ 7. Nd2 Nxd5 8. e4 Nf6 9. Bb2 Nxe4 10. Qe2 Nxd2 11. Kd1 O-O 12. a3 Nxb3 13. axb4 Nxa1 14. Qxe5 Qf6 15. Qxf6 gxf6 16. Bxa1 Nc6 17. Bxf6 Nxb4 18. Nf3 Re8 19. Bc4 d5 20. Bb3 Bg4 21. h4 Bxf3+ 22. gxf3 Rac8 23. Rg1+ Kf8 24. Rg7 Nd3 25. Kd2 Nf4 26. Rxh7 Ng6 27. h5 Kg8 28. hxg6 fxg6 29. Rh8+ Kf7 30. Rxe8 Rxe8 31. Bd4 b6 32. Bxd5+ Kf8 33. Be4 Kf7 34. Ke3 a5 35. Bxb6 a4 36. Bc5 g5 37. Kd3 Kf6 38. Bc6 Rc8 39. Bd4+ Kf5 40. Bd7+ Kg6 41. Bxc8 Kh5 42. Be6 Kh4 43. Bg4 a3 44. Be5 a2 45. Bg3# 1-0

[Event "Play for Durgesh Fundraiser Blitz"]
[Site "Vishy Anand Arena"]
[Date "2020.09.19"]
[Round "9"]
[White "Abhiharry726"]
[Black "Mraa"]
[Result "1-0"]
[WhiteElo "1600"]
[BlackElo "1528"]
[Annotator "NA"]
[PlyCount "45"]
[EventDate "2020.09.19"]
[EventType "swiss (blitz)"]

1. e4 c5 2. Nf3 d6 3. Nc3 Nf6 4. d4 cxd4 5. Nxd4 a6 6. Bd3 e6 7. Nf3 Be7 8. O-O Qc7 9. Bd2 b5 10. b3 Bb7 11. Bf4 Nc6 12. Ne2 Ne5 13. Nxe5 dxe5 14. Bg3 O-O 15. f4 exf4 16. Bxf4 Qb6+ 17. Kh1 Rad8 18. Qe1 Rfe8 19. Qg3 Nxe4 20. Bxe4 Bxe4 21. Be5 g6 22. Qf4 Qb7 23. Qxf7# 1-0

[Event "Play for Durgesh Fundraiser Blitz"]
[Site "Vishy Anand Arena"]
[Date "2020.09.19"]
[Round "9"]
[White "Crazyintrovert"]
[Black "H809"]
[Result "1-0"]
[WhiteElo "1596"]
[BlackElo "1589"]
[Annotator "NA"]
[PlyCount "65"]
[EventDate "2020.09.19"]
[EventType "swiss (blitz)"]

1. e4 e5 2. Nf3 Nc6 3. g3 Bc5 4. Bg2 Nf6 5. d3 d6 6. O-O Bg4 7. c3 Qd7 8. Nbd2 O-O-O 9. b4 Bb6 10. a4 a6 11. Qc2 h5 12. b5 Nb8 13. bxa6 Nxa6 14. Nc4 Ba7 15. d4 Bxf3 16. Bxf3 exd4 17. cxd4 h4 18. Be3 hxg3 19. fxg3 Qh3 20. Rab1 Ng4 21. e5 Nxe3 22. Nxe3 dxe5 23. Bxb7+ Kd7 24. Bxa6 Bxd4 25. Bb5+ Ke7 26. Rfe1 Rc8 27. Rbd1 c5 28. Kh1 g5 29. Nd5+ Kd6 30. Nf6 Qh6 31. Ne4+ Kc7 32. Nxc5 Kb8 33. Na6+ 1-0

[Event "Play for Durgesh Fundraiser Blitz"]
[Site "Vishy Anand Arena"]
[Date "2020.09.19"]
[Round "9"]
[White "V_j"]
[Black "Chess_king123"]
[Result "1-0"]
[WhiteElo "1585"]
[BlackElo "1538"]
[Annotator "NA"]
[PlyCount "37"]
[EventDate "2020.09.19"]
[EventType "swiss (blitz)"]

1. c4 e5 2. g3 Nf6 3. Bg2 c6 4. d4 exd4 5. Qxd4 d5 6. cxd5 cxd5 7. Nc3 Nc6 8. Qd1 d4 9. Ne4 Bb4+ 10. Bd2 Qc7 11. Nxf6+ gxf6 12. Bxb4 Nxb4 13. Qa4+ Bd7 14. Qxb4 Rc8 15. Qxd4 Qa5+ 16. Qd2 Qb6 17. Nf3 O-O 18. O-O Kh8 19. Qxd7 1-0